LEADER 00375nab a2200133 i 4500 001 000000316956 003 CaOOAMICUS 005 20180831173219.0 008 180831n xx uu u0 0und r 013 $a26037 040 $aSeMil$bita 245 10$aEuropa e Cristianesimo. 773 0 $t[Gennaio-Dicembre].$g3-191$w()274010 996 $6245$aEuropa e Cristianesimo$9(OLS)http://semarc/title/390947 LEADER 01138nam a2200205 4500 001 000000357326 003 CaOOAMICUS 005 20260309121621.0 008 240222s2023 it 000 u eng r 040 $aSeMil$bita 245 00$aVol. 2. 264 1$aModena :$bMucchi,$c2023. 300 $a483-905 p. :$bill. ;$c21 cm 773 0 $tForever young.$dModena : Mucchi, 2023.$kAnima per il diritto$z978-88-7000-964-4$g2$w()357324 850 $aSeMil 852 $aSeMil$W1$xVenegono$y1$pRisorsa digitale disponibile in Open Access: https://mucchieditore.it/wp-content/uploads/open-access/fabris_anima1_openaccess.pdf$B248503$CSeMilBibl$Z2$F248503 $81 856 42$uhttp://mucchieditore.it/wp-content/uploads/Open-Access/Baroncini-Forever-Young-Volume-2-OA-Anima-6.pdf 996 $6245$aVol. 2$9(OLS)http://semarc/title/13458 996 $6264$aModena :$bMucchi$9(OLS)http://semarc/publisher/34677